000 00569nam a22001817a 4500
005 20150608142858.0
010 _aENG-112647
020 _a9789380336541
_c300.00
035 _aEN-96179
037 _bDBAD/PUB
082 _a491.375
100 _aBarua, Dwijendra Lal
245 0 0 _aNew elements of Pali grammar /
_cby Dwijendra Lal Barua ; revised by Aiswarya Biswas
260 _aKolkata
_bMaha Bodhi Book Agency
_c2012
270 _a4-A, Bankim Chatterjee Street
_bKolkata
_e700073
300 _a271p.
_c22cm(Hb)
942 _2ddc
_cEN
_mBAR
_h491.375
999 _c92814
_d92814